| 000 | 01850nam0a2200361 4500 | ||
|---|---|---|---|
| 001 | RU\NLR\bibl\532028 | ||
| 005 | 20250609151557.0 | ||
| 010 |
_a5-7107-7656-4 _95000 |
||
| 021 |
_aRU _b2004-2625 _9136 |
||
| 035 | _a(NLR Aleph) 000524325 | ||
| 090 |
_a1312921 _c1312921 |
||
| 100 | _a20021218d2003 |||y0rusy50 ca | ||
| 101 | 0 | _arus | |
| 102 | _aRU | ||
| 105 | _aa ||||||||| | ||
| 200 | 1 |
_aРуководство к лабораторным занятиям по органической химии _eУчеб. пособие для студентов фармац. вузов _fН.Н. Артемьев, В.Л. Белобородов, С.Э. Зурабян и др.][ _gПод ред. Н.А. Тюкавкиной |
|
| 205 | _a3-е изд., стер. | ||
| 210 |
_aМ. _cДрофа _d2003 |
||
| 215 |
_a383 с. _cил. _d22 |
||
| 225 | 1 |
_aВысшее образование _eСоврем. учеб. |
|
| 606 | 0 |
_aОрганическая химия _jЛабораторная практика _91049152 _3RU\NLR\auth\6687223 |
|
| 606 | 0 |
_aОрганическая химия _jУчебные издания для высших учебных заведений _xЛабораторная практика _92337666 _3RU\NLR\auth\661397510 |
|
| 686 | _aГ2я73-5 | ||
| 701 | 1 |
_aАртемьева _bН. Н. _gНина Николаевна _4070 |
|
| 701 | 1 |
_aБелобородов _bВ. Л. _gВладимир Леонидович _4070 |
|
| 701 | 1 |
_4070 _7ca _8rus _aЗурабян _bС. Э. _f1938- _gСергей Эдуардович _9236290 _3RU\NLR\AUTH\770236346 |
|
| 702 | 1 |
_4340 _aТюкавкина _bН. А. _f1932- _gНонна Арсеньевна _9149765 _3RU\NLR\AUTH\770149801 |
|
| 801 | 0 |
_aRU _bNLR _c20040622 _gPSBO |
|
| 801 | 1 |
_aRU _bNLR _c20040622 |
|
| 830 | _aавт. по кн. | ||
| 942 | _cBOOK | ||
| 980 | _aNB | ||